MARC details
| 000 -CABECERA |
| campo de control de longitud fija |
01768nam a22001937a 4500 |
| 008 - DATOS DE LONGITUD FIJA--INFORMACIÓN GENERAL |
| campo de control de longitud fija |
250702b |||||||| |||| 00| 0 eng d |
| 020 ## - NÚMERO INTERNACIONAL ESTÁNDAR DEL LIBRO |
| Número Internacional Estándar del Libro |
9781398618572 |
| 040 ## - FUENTE DE LA CATALOGACIÓN |
| Centro/agencia transcriptor |
tbs |
| 041 ## - CÓDIGO DE LENGUA |
| Código de lengua del texto/banda sonora o título independiente |
eng |
| 050 ## - SIGNATURA TOPOGRÁFICA DE LA BIBLIOTECA DEL CONGRESO |
| Número de clasificación |
HF5415.1255 |
| Número de documento/Ítem |
.G46 2025 |
| 100 ## - ENTRADA PRINCIPAL--NOMBRE DE PERSONA |
| Nombre de persona |
Geoghegan, Andrew |
| 9 (RLIN) |
25625 |
| Término indicativo de función/relación |
author |
| 245 ## - MENCIÓN DE TÍTULO |
| Título |
Effective brand building |
| Resto del título |
: unlock growth with strategy, insights, and measurement |
| Mención de responsabilidad, etc. |
/ Andrew Geoghegan. |
| 260 ## - PUBLICACIÓN, DISTRIBUCIÓN, ETC. |
| Lugar de publicación, distribución, etc. |
London : |
| Nombre del editor, distribuidor, etc. |
Kogan Page, |
| Fecha de publicación, distribución, etc. |
2025. |
| 300 ## - DESCRIPCIÓN FÍSICA |
| Extensión |
245 pages : |
| Otras características físicas |
illustrations ; |
| Dimensiones |
24 cm. |
| 520 ## - SUMARIO, ETC. |
| Sumario, etc. |
Investment and focus on brand building skills have diminished across the marketing industry in recent years. But without the knowledge and understanding of how to build strong brands, marketers end up jumping between short-term tactics and struggle to deliver reliable, long-term growth.<br/><br/>Effective Brand Building is here to change that. It provides practical, everyday wisdom in how to drive effective growth for brands for the long and short term, in synch with broader organizational goals and business processes. From award-winning marketer and columnist for Marketing Week, Andrew Geoghegan, this book is the ultimate guide to developing the skills and knowledge you need to create a brand building strategy that delivers growth. Containing best practice frameworks, tools, and approaches to measurement, this book enables marketers to create repeatable results and maximize their return on investment.<br/><br/>With real-world examples from businesses such as McDonald's, Mondelez, Apple, and Unilever, this book will help marketers ask the right questions in order to create the best conditions in their businesses for effective brand building. |
| 650 #0 - PUNTO DE ACCESO ADICIONAL DE MATERIA--TÉRMINO DE MATERIA |
| Término de materia o nombre geográfico como elemento de entrada |
Branding (Marketing) |
| 9 (RLIN) |
6284 |
| 650 #0 - PUNTO DE ACCESO ADICIONAL DE MATERIA--TÉRMINO DE MATERIA |
| Término de materia o nombre geográfico como elemento de entrada |
Brand name products |
| Subdivisión general |
Management |
| 9 (RLIN) |
2369 |
| 942 ## - ELEMENTOS DE ENTRADA AGREGADA (KOHA) |
| Fuente del sistema de clasificación o colocación |
Clasificación de Library of Congress |